Państwa produkujące najwięcej pszenicy - Statystyki

Ogólne statystyki
  • Ten quiz został rozwiązany 16 358 razy
  • Średni wynik to 8 z 10
Statystyki odpowiedzi
Tony Państwo % Poprawnych
47.4 mil Stany Zjednoczone
95%
134 mil Chiny
94%
85.9 mil Rosja
94%
26.2 mil Ukraina
85%
24.5 mil Niemcy
83%
36.9 mil Francja
81%
98.5 mil Indie
81%
30.0 mil Kanada
77%
31.8 mil Australia
54%
26.7 mil Pakistan
29%
Nie znaleziono quizów pasujących do podanych kryteriów
Rozkład punktacji
Procent ludzi z każdym wynikiem
Percentyl według liczby udzielonych odpowiedzi
Twoja historia wyników
Nie rozwiązałeś tego quizu